000 00615cam a22002171 4500
001 sa 67002296
003 DLC
005 20260227112330.0
008 750811s1966 xx 000 0 eng
010 _asa 67002296
035 _a(OCoLC)1535983
040 _aDLC
_cGU
_dDLC
050 0 0 _aPZ8.A5
_bIn3
100 1 _aAnand, Mulk Raj,
_d1905-2004.
245 1 0 _aIndian fairy tales,
_cretold by Mulk Raj Anand. Illustrated by P. S. Gorey.
250 _a[2d ed.
260 _aBombay]
_bKutub-Popular
_c[1966]
300 _a104 p.
_billus.
_c20 cm.
650 0 _aFairy tales
_zIndia.
700 1 _aGorey, P. S.,
_eillus.
999 _c73186
_d73186